| 000 | 00391nam a22001457a 4500 | ||
|---|---|---|---|
| 005 | 20151112113405.0 | ||
| 008 | 151112b xxu||||| |||| 00| 0 eng d | ||
| 040 | _cPK-LaUMT | ||
| 082 |
_aKHC 954.9205 _bROU-B |
||
| 100 | _aRounaq Jahan | ||
| 245 |
_aBangladesh politics _bproblems and issues _cRounaq Jahan |
||
| 260 |
_aBangladesh _bUniversity press _c1980 |
||
| 300 | _a225 p. | ||
| 942 | _cBK | ||
| 999 |
_c78898 _d78898 |
||